Đọc lại truyện Kiều
Phân tích những thủ pháp nghệ thuật, hình tượng nhân vật trong truyện Kiều của Nguyễn Du (1766-1820)
Saved in:
| Main Author: | |
|---|---|
| Format: | Book |
| Language: | Vietnamese |
| Published: |
Nghĩa Bình
Nxb. Tổng hợp Nghĩa Bình
1987
|
| Subjects: | |
| Tags: |
Add Tag
No Tags, Be the first to tag this record!
|
| Institutions: | Mạng thư viện Đại học Đà Nẵng |
|---|
| LEADER | 01246nam a22003738a 4500 | ||
|---|---|---|---|
| 001 | 000014801 | ||
| 003 | 11171 | ||
| 005 | 20120515080555.0 | ||
| 008 | 120515s1987 b 000 0 vieod | ||
| 020 | |c 18000d |d 15.000b | ||
| 041 | 0 | |a vie | |
| 041 | 0 | |a 8803 | |
| 082 | |a 895.92211 |b VU-H | ||
| 084 | |a KA01.2 |b Đ419L | ||
| 100 | 1 | |a Vũ Hạnh | |
| 245 | 1 | 0 | |a Đọc lại truyện Kiều |c Vũ Hạnh |
| 260 | |a Nghĩa Bình |b Nxb. Tổng hợp Nghĩa Bình |c 1987 | ||
| 300 | |a 145tr |c 19cm | ||
| 520 | |a Phân tích những thủ pháp nghệ thuật, hình tượng nhân vật trong truyện Kiều của Nguyễn Du (1766-1820) | ||
| 653 | |a Truyện Kiều | ||
| 653 | |a Việt Nam | ||
| 653 | |a văn học cận đại | ||
| 653 | |a Việt Nam | ||
| 653 | |a Nguyễn Du | ||
| OWN | |a LSP | ||
| AVA | |a UDN50 |b LSP |d 895.92211 VU-H |e available |t Error 5001 Not defined in file expand_doc_bib_avail. |f 1 |g 0 |h N |i 0 |k 1 | ||
| 999 | |a From the UDN01 | ||
| AVA | |a UDN50 |b LSP |d 895.92211 VU-H |e available |t Error 5001 Not defined in file expand_doc_bib_avail. |f 1 |g 0 |h N |i 0 |k 1 | ||
| TYP | |a Monograph | ||
| TYP | |a Printed language | ||
| 980 | |a Mạng thư viện Đại học Đà Nẵng | ||